1036 1262 1715 1463 1344 1123 1899 1629 1868 1439 1882 1969 1326 1616 1571 1974 1128 1602 1544 1016 1992 1706 1167 1034 1557 1361 1734 1564 1303 1796 1425 1482 1005 1396 1149 1437 1553 1031 1478 1755 1539 1473 1445 1333 1216 1623 1898 1194 1189 1453 1003 1479 1034 1276 1577 1547 1146 1389 1056 1339 1850 1914 1067 1652 1699 1595 1996 1257 1585 1543 1564 1278 1110 1300 1389 1439 1603 1987 1461 1927 1744 1862 1596 1770 1653 1344 1402 1926 1289 1680 1867 1917 1472 1138 1541 1093 1587 1023 1074 BCNSPRNW ULIB Ver.6.0+V

เปลี่ยนเป็นภาษาไทย

Change to English
 แสดงรายละเอียดบรรณานุกรม
  กลับหน้าหลัก

Brief Record : Get Marc (ISO 2709) : E-mail record : QR code < ปิดหน้าต่าง
LEADER : 00000nam 2200000uu 4500
001    13399111808
003     ULIB
008    110708s2550||||th 000 0 tha d
020    9789748485737
050  4 DS569^bก941ว 2550
100 0  สมรักษ์ ชัยสิงห์กานานนท์
245 10 วัฒนธรรม ความตาย กับความหลากหลายทางชาติพันธุ์ :^bมอญ โซ่ง กะเหรี่ยง ม้ง เย้า /^cสมรักษ์ ชัยสิงห์กานานนท์, สรินยา คำเมือง, อธิตา สุนทโรทก
250    พิมพ์ครั้งที่
260    กรุงเทพฯ :^bสำนักวิจัยสังคมและสุขภาพ (สวสส.),^c2550
300    vii, 184หน้า :^bภาพประกอบ ;^c30 ซม.
650  4 กลุ่มชาติพันธุ์
650  4 กลุ่มชาติพันธุ์^xผู้ป่วย^xการดูแล
650  4 ไทย^xความเป็นอยู่และประเพณี
650  4 มอญ^xความเป็นอยู่และประเพณี
650  4 โซ่ง^xความเป็นอยู่และประเพณี
650  4 กะเหรี่ยง^xความเป็นอยู่และประเพณี
650  4 ม้ง^xความเป็นอยู่และประเพณี
650  4 เย้า^xความเป็นอยู่และประเพณี
650  4 ชาวเขา^xพิธีศพ
650  4 ชนกลุ่มน้อย
700 0  สรินยา คำเมือง
700 0  อธิตา สุนทโรทก
945    ^p120^l0^i023254
995    ทศพร
999 ^a ใช้งานได้ทุกระบบ
รายการนี้ยังไม่มีแท็ก
คุณยังไม่ได้ล็อกอิน คุณสามารถมีกิจกรรมร่วมกับเว็บไซต์ได้ แต่ต้องล็อกอินก่อน ::
  ล็อกอิน

รายการสื่อสารสนเทศ

ลำดับที่ ประเภท เลขเรียก/บาร์โค้ด สถานที่ สถานะ
- ไม่พบข้อมูล -

รายการใกล้เคียง
    ผู้แต่ง [สมรักษ์ ชัยสิงห์กานานนท์]

    หัวเรื่อง [กลุ่มชาติพันธุ์]
    หัวเรื่อง [ชนกลุ่มน้อย]

BibComment


ยังไม่เคยถูกคอมเมนท์

คอมเมนท์ทรัพยากรรายการนี้
  คอมเมนท์: วัฒนธรรม ความตาย ..


 Copyright 2026. Bcnsprnw @Library